000 00244nam a2200097Ia 4500
001 939066
005 20250826215136.0
008 250824s9999 xx 000 0 und d
245 0 _aKARAGÖZ İLE HACİVAT
_cYUSUF ASAL
260 _bAKVARYUM YAYINLARI
999 _c939066
_d939066